Logic for justice: An introduction to formal logic with an emphasis on political reform (Record no. 1225118)

MARC details
000 -LEADER
fixed length control field 00673nam a2200229Ia 4500
003 - CONTROL NUMBER IDENTIFIER
control field OSt
005 - DATE AND TIME OF LATEST TRANSACTION
control field 20250805161027.0
008 - FIXED-LENGTH DATA ELEMENTS--GENERAL INFORMATION
fixed length control field 241129s9999||||xx |||||||||||||| ||und||
020 ## - INTERNATIONAL STANDARD BOOK NUMBER
International Standard Book Number 9781032061573
037 ## - SOURCE OF ACQUISITION
Stock number Textual
040 ## - CATALOGING SOURCE
Original cataloging agency RTL
Language of cataloging eng
Transcribing agency RTL
041 ## - LANGUAGE CODE
Language code of text/sound track or separate title eng
Source of code eng
084 ## - COLON CLASSIFICATION NUMBER
Classification number Y9(W:5) R4
Assigning agency RTL
100 ## - MAIN ENTRY--PERSONAL NAME
Personal name Wilhelm, Isaac
9 (RLIN) 725488
245 #0 - TITLE STATEMENT
Title Logic for justice: An introduction to formal logic with an emphasis on political reform
Statement of responsibility, etc. Wilhelm Isaac
260 ## - PUBLICATION, DISTRIBUTION, ETC.
Place of publication, distribution, etc. London
Name of publisher, distributor, etc. Routledge
Date of publication, distribution, etc. 2024
300 ## - PHYSICAL DESCRIPTION
Extent xv,241p.
365 ## - TRADE PRICE
Price type code INR
Price amount Rs.3706.14
650 ## - SUBJECT ADDED ENTRY--TOPICAL TERM
Topical term or geographic name entry element Political Science
942 ## - ADDED ENTRY ELEMENTS (KOHA)
Koha item type Textbook
Classification part Y9(W:5) R4
Source of classification or shelving scheme Colon Classification (CC)
Suppress in OPAC No
Holdings
Withdrawn status Lost status Source of classification or shelving scheme Damaged status Not for loan Home library Current library Date acquired Source of acquisition Inventory number Total Checkouts Full call number Barcode Date last seen Price effective from Koha item type
    Colon Classification (CC)     Ratan Tata Library Ratan Tata Library 2024-11-29 Bright book Service 2300 &7/2/24   Y9(W:5) R4 RT1528054 2024-11-29 2024-11-29 Textbook
Copyright @ Delhi University Library System